Online katalóg knižníc regiónu Turca

Schody do neba (Record no. 22213)

MARC details
000 -LEADER
fixed length control field 02332cam a2200685 a 4500
001 - CONTROL NUMBER
control field 22213
003 - CONTROL NUMBER IDENTIFIER
control field VRT
005 - DATE AND TIME OF LATEST TRANSACTION
control field 20260323133857.0
008 - FIXED-LENGTH DATA ELEMENTS--GENERAL INFORMATION
fixed length control field 240318s2011 xo g 000 | slo
015 ## - NATIONAL BIBLIOGRAPHY NUMBER
National bibliography number SNBA2012/02-00626
020 ## - INTERNATIONAL STANDARD BOOK NUMBER
International Standard Book Number 9788055126722
Qualifying information (viaz.)
035 ## - SYSTEM CONTROL NUMBER
System control number 5C268DFD-52D9-4754-B401-764187DFF8B7
035 ## - SYSTEM CONTROL NUMBER
System control number urn:nbn:sk:snk-amjipc
035 ## - SYSTEM CONTROL NUMBER
System control number urn:nbn:sk:snk-am000wq0
039 #9 - LEVEL OF BIBLIOGRAPHIC CONTROL AND CODING DETAIL [OBSOLETE]
Level of rules in bibliographic description 202403181615
Level of effort used to assign nonsubject heading access points VLOAD
Level of effort used to assign subject headings 201603161324
Level of effort used to assign classification csnk09
Level of effort used to assign subject headings 201602011422
Level of effort used to assign classification AUTHORITY
Level of effort used to assign subject headings 201602011421
Level of effort used to assign classification AUTHORITY
040 ## - CATALOGING SOURCE
Original cataloging agency PPPK
Language of cataloging slo
Transcribing agency PPPK
Modifying agency SNK
Description conventions AACR2
041 1# - LANGUAGE CODE
Language code of text/sound track or separate title slo
Language code of original eng
043 ## - GEOGRAPHIC AREA CODE
Geographic area code e-ie---
044 ## - COUNTRY OF PUBLISHING/PRODUCING ENTITY CODE
MARC country code xo
ISO country code SK
072 #7 - SUBJECT CATEGORY CODE
Subject category code 2
Subject category code subdivision Náboženstvo
Source konspekt
072 #7 - SUBJECT CATEGORY CODE
Subject category code 929
Subject category code subdivision Biografie
Source konspekt
080 ## - UNIVERSAL DECIMAL CLASSIFICATION NUMBER
Universal Decimal Classification number 2-587-055.2
Edition identifier 2001
080 ## - UNIVERSAL DECIMAL CLASSIFICATION NUMBER
Universal Decimal Classification number 929
Edition identifier 2001
080 ## - UNIVERSAL DECIMAL CLASSIFICATION NUMBER
Universal Decimal Classification number 2-167.4
Edition identifier 2001
080 ## - UNIVERSAL DECIMAL CLASSIFICATION NUMBER
Universal Decimal Classification number 159.96
Edition identifier 2001
080 ## - UNIVERSAL DECIMAL CLASSIFICATION NUMBER
Universal Decimal Classification number (417)
Edition identifier 2001
080 ## - UNIVERSAL DECIMAL CLASSIFICATION NUMBER
Universal Decimal Classification number (0:82-312.6)
Edition identifier 2001
100 1# - MAIN ENTRY--PERSONAL NAME
Personal name Byrne, Lorna,
Dates associated with a name 1953-
Relationship aut
240 10 - UNIFORM TITLE
Uniform title Stairways to heaven
Language of a work Slovensky
245 10 - TITLE STATEMENT
Title Schody do neba
Statement of responsibility, etc. Lorna Byrneová ; [z anglického originálu preložila Tatiana Sedová]
250 ## - EDITION STATEMENT
Edition statement [1. vyd.]
260 ## - PUBLICATION, DISTRIBUTION, ETC.
Place of publication, distribution, etc. Bratislava
Name of publisher, distributor, etc. Ikar
Date of publication, distribution, etc. 2011
300 ## - PHYSICAL DESCRIPTION
Extent 253 s.
Dimensions 21 cm
500 ## - GENERAL NOTE
General note Od autorky bestselleru Anjeli v mojich vlasoch
600 17 - SUBJECT ADDED ENTRY--PERSONAL NAME
Personal name Byrne, Lorna,
Dates associated with a name 1953-
Source of heading or term SNKMA
648 #7 - SUBJECT ADDED ENTRY--CHRONOLOGICAL TERM
Chronological term 20.-21. stor.
Source of heading or term SNKPH
648 #7 - SUBJECT ADDED ENTRY--CHRONOLOGICAL TERM
Chronological term 20th-21st centuries
Source of heading or term SNKPHeng
650 07 - SUBJECT ADDED ENTRY--TOPICAL TERM
Topical term or geographic name entry element mystici
Source of heading or term SNKPH
650 07 - SUBJECT ADDED ENTRY--TOPICAL TERM
Topical term or geographic name entry element anjeli strážni
Source of heading or term SNKPH
650 07 - SUBJECT ADDED ENTRY--TOPICAL TERM
Topical term or geographic name entry element Women mystics
Source of heading or term SNKPHeng
650 07 - SUBJECT ADDED ENTRY--TOPICAL TERM
Topical term or geographic name entry element Guardian angels
Source of heading or term SNKPHeng
650 07 - SUBJECT ADDED ENTRY--TOPICAL TERM
Topical term or geographic name entry element channeling
Source of heading or term SNKPH
651 #7 - SUBJECT ADDED ENTRY--GEOGRAPHIC NAME
Geographic name Írsko
Source of heading or term SNKPH
651 #7 - SUBJECT ADDED ENTRY--GEOGRAPHIC NAME
Geographic name Ireland
Source of heading or term SNKPHeng
655 #7 - INDEX TERM--GENRE/FORM
Genre/form data or focus term autobiografické príbehy
Source of term SNKPH
655 #7 - INDEX TERM--GENRE/FORM
Genre/form data or focus term Autobiographical stories
Source of term SNKPHeng
700 1# - ADDED ENTRY--PERSONAL NAME
Personal name Sedová, Tatiana,
Dates associated with a name 1953-
Relationship trl
942 ## - ADDED ENTRY ELEMENTS (KOHA)
Source of classification or shelving scheme Dewey Decimal Classification
Koha item type Krásna literatúra pre dospelých
Suppress in OPAC No
949 ## - LOCAL PROCESSING INFORMATION (OCLC)
6 17A0720712
a snkSC 146968
b snk2011/21270
o 2237/11
949 ## - LOCAL PROCESSING INFORMATION (OCLC)
6 270001000385821
a svkbbA 132564
b svkbbm 721264
949 ## - LOCAL PROCESSING INFORMATION (OCLC)
6 17A0720799
a snkSC 146968 D1
b snk2011/21575
o 2237/11
s 6100:20210923
949 ## - LOCAL PROCESSING INFORMATION (OCLC)
6 2889176996
a savukPV 15638
b savuk2011/5434
949 ## - LOCAL PROCESSING INFORMATION (OCLC)
6 273K0540330
a svkpoA 212676
b svkpo544682
949 ## - LOCAL PROCESSING INFORMATION (OCLC)
6 3830001083414
a kurukT1/BYRN1-1
b kuruk2013/F8619
o D2013/Kendera
949 ## - LOCAL PROCESSING INFORMATION (OCLC)
6 273K0638827
a svkpoA 240756
b svkpo632126
980 ## - EQUIVALENCE OR CROSS-REFERENCE-SERIES STATEMENT--PERSONAL NAME/TITLE [LOCAL, CANADA]
Personal name 2-587-055.2
980 ## - EQUIVALENCE OR CROSS-REFERENCE-SERIES STATEMENT--PERSONAL NAME/TITLE [LOCAL, CANADA]
Personal name 2-167.4
980 ## - EQUIVALENCE OR CROSS-REFERENCE-SERIES STATEMENT--PERSONAL NAME/TITLE [LOCAL, CANADA]
Personal name (0:82-312.6)
980 ## - EQUIVALENCE OR CROSS-REFERENCE-SERIES STATEMENT--PERSONAL NAME/TITLE [LOCAL, CANADA]
Personal name 159.96
Holdings
Stav vyradenia Strata Poškodenie Spôsob nadobudnutia Domovská knižnica Aktuálna knižnica Dátum nadobudnutia Cena Total checkouts Čiarový kód exemplára Date last seen Typ exemplára
      Kúpa Obecná knižnica Horná Štubňa Obecná knižnica Horná Štubňa 23.03.2026 9.81   9788055126722 23.03.2026 Krásna literatúra pre dospelých
Projekt je podporený Slovenskou asociáciou knižníc
Prevádzkuje Turčianska knižnica Martin 2026